000 01435nam a22002657a 4500
003 UA-OsUOA
001 65120
007 ta
008 20091116b un ||||| |||| 00| 0 ukr d
100 _aНегода М.
090 _a821.161.2
_bН41
942 _cBK
040 _aUA-OsUOA
_bukr
_cUA-OsUOA
_dUA-OsUOA
245 _aСповідь перед собою
300 _a302 с.
955 _a0
041 _aukr
080 _a821.161.2
020 _a978-966-2980-23-3
520 3 _aУ цій книжці поет, прозаїк, драматург, заслужений діяч мистецтв України Микола Негода сповідально оповідає про своє напівсирітське дитинство, голодомор 33-го участь у підпіллі й партизанському русі в роки Другої світової війни, важкий хліб газетяра в п
520 3 _aовоєнний період, свої університети... Дивиться на себе тодішнього з погляду сьогоденного, не завжди схвалює власні вчинки, намагається осягнути час і себе в ньому.
260 _aЧеркаси
_bЧабаненко Ю.А.
_c2006
650 7 _a82 Література. Літературознавство
_2UDC
999 _c351235
_d351235